000 00804nam a22002415i 4500
001 157255
003 ES-MaACL
005 20250809024232.0
008 990420m18801882be |||| | fre d
040 _aM-RACM
_bspa
_cM-RACM
_dCCPB | B
100 1 _aLaurent, F.
_9128740
245 1 3 _aLe droit international /
_cpar F. Laurent.
260 _aBruxelles :
_bBruylant-Christophe ;
_aParis :
_bLibrairie A. Marescq,
_c1880-1882.
300 _a8 v. ;
_c24 cm.
596 1 _aMarca del ed. en port.
597 1 _aAntep.
597 1 _aEl vol. VIII contiene los índices y tablas de la colección.
650 7 _aDerecho internacional
_2embne
_911717
752 _aBélgica -
_dBruselas
752 _aFrancia -
_dParís
852 _aES-MaACL
_jF-14232-14239
_z-- Enc. hol.
999 _c157255
_d157255